000 00568nam a2200205Ia 4500
005 20250923145339.0
008 008 250917s9999 xx 000 0 eng d
037 _aTextual
040 _aDSWL
_beng
_cDSWL
041 _aeng
_2eng
084 _aYXu44, N76
_qDSWL
100 _aChowdhry, D.Paul
_9834328
245 0 _aIntroduction to Social Work
_c by D.Paul Chowdhry
260 _aDelhi
_bAtma Ram & Sons
_c1976
300 _aix,90p.
365 _aINR
_b9 . 0
925 _g9 . 0
942 _cTEXL
_hYXu44, N76
999 _c1450278
_d1450278